000
00222nam a2200097Ia 4500
008
240331s9999 xx 000 0 und d
082
_b
RAV
100
_a
Ravikumar
245
0
_a
Thalith :
_b
kalai illakiyam araciyal
942
_c
L
999
_c
1439
_d
1439